| Tag |
First Indicator |
Second Indicator |
Subfields |
| LEADER |
00000cam a2200000La 4500 |
| 001 |
in00001625321 |
| 005 |
20220105105503.0 |
| 006 |
m u |
| 007 |
cr cn- |
| 008 |
001009s1997 maua sbf 000 0 eng d |
| 010 |
|
|
|z 96021045
|
| 020 |
|
|
|a 0585212678 (electronic bk.) :
|c $31.25
|
| 020 |
|
|
|z 086720740X
|
| 035 |
|
|
|a (OCoLC)ocm44956883
|
| 040 |
|
|
|a N$T
|c N$T
|d OCL
|d UtOrBLW
|
| 049 |
|
|
|a IKMN
|
| 050 |
1 |
4 |
|a RC271.C5
|b P73 1997eb
|
| 060 |
1 |
4 |
|a WY 49 P937m 1997
|
| 082 |
0 |
4 |
|a 616.99/4061
|2 20
|
| 100 |
1 |
|
|a Preston, Fredrica A.
|0 http://id.loc.gov/authorities/names/n87863964
|
| 245 |
1 |
0 |
|a Memory bank for chemotherapy /
|c Fredrica A. Preston, Cecilia Wilfinger.
|
| 250 |
|
|
|a 3rd ed.
|
| 264 |
|
1 |
|a Boston, Mass. :
|b Jones and Bartlett,
|c [1997]
|
| 264 |
|
4 |
|c ©1997
|
| 300 |
|
|
|a xv, 271 pages :
|b illustrations ;
|c 14 cm.
|
| 336 |
|
|
|a text
|b txt
|2 rdacontent
|
| 337 |
|
|
|a computer
|b c
|2 rdamedia
|
| 338 |
|
|
|a online resource
|b cr
|2 rdacarrier
|
| 490 |
1 |
|
|a The Jones and Bartlett pocket-sized nursing reference series
|
| 504 |
|
|
|a Includes bibliographical references (pages 268-271).
|
| 533 |
|
|
|a Electronic reproduction.
|b Boulder, Colo. :
|c NetLibrary,
|d 2000.
|n Available via the World Wide Web.
|n Available in multiple electronic file formats.
|n Access may be limited to NetLibrary affiliated libraries.
|
| 500 |
|
|
|a Electronic resource.
|
| 650 |
|
0 |
|a Cancer
|x Chemotherapy.
|0 http://id.loc.gov/authorities/subjects/sh85019497
|
| 650 |
|
0 |
|a Antineoplastic agents.
|0 http://id.loc.gov/authorities/subjects/sh85005714
|
| 650 |
|
0 |
|a Cancer
|x Nursing.
|0 http://id.loc.gov/authorities/subjects/sh85019516
|
| 650 |
1 |
2 |
|a Oncology Nursing.
|0 https://id.nlm.nih.gov/mesh/D009859
|
| 650 |
2 |
2 |
|a Neoplasms
|x drug therapy.
|0 https://id.nlm.nih.gov/mesh/D009369Q000188
|
| 650 |
2 |
2 |
|a Antineoplastic Agents
|x therapeutic use.
|0 https://id.nlm.nih.gov/mesh/D000970Q000627
|
| 655 |
|
2 |
|a Handbook.
|0 https://id.nlm.nih.gov/mesh/D020479
|
| 655 |
|
2 |
|a Nurses Instruction.
|0 https://id.nlm.nih.gov/mesh/D020488
|
| 655 |
|
7 |
|a Electronic books.
|2 local
|
| 700 |
1 |
|
|a Wilfinger, Cecilia.
|0 http://id.loc.gov/authorities/names/n87863965
|
| 710 |
2 |
|
|a NetLibrary, Inc.
|0 http://id.loc.gov/authorities/names/no99080690
|
| 776 |
1 |
|
|c Original
|w (DLC) 96021045
|w (OCoLC)34984075
|
| 830 |
|
0 |
|a Jones and Bartlett pocket-sized nursing reference series.
|0 http://id.loc.gov/authorities/names/n93027994
|
| 856 |
4 |
1 |
|u https://proxy.library.tamu.edu/login?url=http://www.netLibrary.com/urlapi.asp?action=summary&v=1&bookid=25762
|z Connect to the full text of this electronic book
|t 0
|
| 994 |
|
|
|a 92
|b IKM
|
| 999 |
|
|
|a MARS
|
| 999 |
f |
f |
|s e7701bca-0221-326b-891f-d38ea5c12e06
|i 0f8a94db-5ea1-3f1c-b3f2-fbd7634e2032
|t 0
|
| 952 |
f |
f |
|a Texas A&M University
|b College Station
|c Electronic Resources
|d Available Online
|t 0
|e RC271.C5 P73 1997eb
|h Library of Congress classification
|
| 998 |
f |
f |
|a RC271.C5 P73 1997eb
|t 0
|l Available Online
|